Statistics for Mõistatused

Click here to take the quiz!

General Stats

  • This quiz has been taken 233 times
  • The average score is 11 of 15

Answer Stats

QuestionAnswer% Correct
Seest siiru-viiruline, pealt kullakarvaline?Sibul
89%
Lipp lipi peal, lapp lapi peal, ilma nõela pistmata.Kapsas
83%
Kukub, kukub, aga maha ei kuku?Kägu
81%
Mees läheb merele, sada silma seljas?Kalavõrk
77%
Üheksa mehe ramm, ühe mehe mõistus?Karu
76%
Silmad paneb nutma, aga südant ei liiguta?Sibul
75%
Mees mullas, juuksed väljas?Kaalikas
74%
Neli hobust tallis, viies jookseb ümber talli?Sukavardad
74%
Nutab kui laps, ulub kui koer?Tuul
74%
Väike lehmake, magus piimake?Mesilane
66%
Üle ilma ulatab, ümber pea ei ulata?Silm
66%
Valge poiss, must nina?Uba
66%
Neli andjat, neli kandjat, kaks koerakaitsjat, üks parmupiits?Lehm
65%
Ora ees, käärid taga, kerakene keskel?Pääsuke
56%
Ühe mehe ramm, üheksa mehe mõistus?Hunt
49%

Score Distribution

Percentile by Number Answered

Percent of People with Each Score

Your Score History

You have not taken this quiz